00233pam a2200097a 44500008004100000041000800041100001400049245004100063260002300104300000800127230405s1900 xxu||||| |||| 00| 0 eng d aENG aKaran Raj aDictionary of sociology {Zerox copy} abzerox copyc1900 a134